000 01211nam a2200265 a 4500
001 BRCA_997
005 20190320203234.0
008 990720s2000 nyua---##b---#001-0#eng-#
020 _a0810944839
050 4 _aNK9612
_b.R36 2000
100 1 _aRamljak, Suzanne
_93290
245 1 0 _aTurning Wood Into Art
_bthe Jane and Arthur Mason collection
_cessays by Suzanne Ramljak and Michael W. Monroe ; Mark Richard Leach curator and general editor.
260 _aNueva York
_bH. N. Abrams : Mint Museum of Craft + Design
_c2000
300 _a208 p.
_bil. (algunas a color)
_c29 cm.
500 _aCatálogo de la exposición realizada en el Museo Mint del Arte del Diseño (Charlotte), junio 2000
500 _aIncluye índice alfabético y biografía de artistas
504 _aBibliografía: p. 197-198
600 1 4 _aMason, Jane S.
_vExposiciones
_xColecciones de arte
_93291
600 1 4 _aMason, Arthur K.
_vExposiciones
_xColecciones de arte
_93292
650 1 4 _aTrabajos en madera
_vExposiciones
_xHistoria
_ySiglo XX
_zEstados Unidos
_93293
650 1 4 _aTorneado
_vExposiciones
_xHistoria
_ySiglo XX
_zEstados Unidos
_93294
700 1 _aMonroe, Michael W
_93295
700 1 _aLeach, Mark Richard
_93296
942 _2lcc
_cB
999 _c881
_d881